|
|
|
|
| LEADER |
01049nam a22002892a 4500 |
| 001 |
001333305 |
| 003 |
CZ BrMZK |
| 005 |
20141023074858.0 |
| 007 |
ta |
| 008 |
131007s1963 xr er|||||||||||cze d |
| 015 |
|
|
|a cnb000476308
|
| 035 |
|
|
|a (OCoLC)18939714
|
| 040 |
|
|
|a ABA001
|b cze
|c PNA001
|d ABA001
|
| 080 |
9 |
|
|a 885-321.6:343.819.5(43 Mauthausen)
|
| 100 |
1 |
|
|a Jariš, Milan,
|d 1913-1986
|7 jk01051203
|4 aut
|
| 245 |
1 |
0 |
|a Oni přijdou /
|c Milan Jariš ; doslov Sergej Machonin
|
| 250 |
|
|
|a 6. vyd. (v Čs. spis. 4.)
|
| 260 |
|
|
|a Praha :
|b Československý spisovatel,
|c 1963
|
| 300 |
|
|
|a 230 s.
|
| 490 |
1 |
|
|a Klíč ;
|v sv. 29
|
| 700 |
1 |
|
|a Machonin, Sergej,
|d 1918-1995
|7 jk01073028
|4 waw
|
| 830 |
|
0 |
|a Klíč (Československý spisovatel)
|0 s
|
| 856 |
4 |
1 |
|u https://www.digitalniknihovna.cz/mzk/uuid/uuid:a9aaf820-3230-11e3-8d9d-005056827e51
|y Digitalizovaný dokument
|x NDK
|
| 910 |
|
|
|a BOA001
|b 2-0417.941-63
|
| 990 |
|
|
|a BK
|
| 991 |
|
|
|b 201310
|
| 996 |
7 |
|
|b 2619576616
|c 2-0417.941-63
|l MZK
|r Sklad / do 24 hodin
|n 2
|w 001368177
|u 000010
|a 1
|e BOA001
|j MZK50
|s A
|